มุมมองปกติ
มุมมองแบบ MARC
- เมเยอร์, พอล เจ
รายการ Personal Name
001 - CONTROL NUMBER
- control field: 49076
003 - CONTROL NUMBER IDENTIFIER
- control field: NALT
005 - DATE AND TIME OF LATEST TRANSACTION
- control field: 20201215093714.0
008 - FIXED-LENGTH DATA ELEMENTS
- fixed length control field: 201215|| aca||aabn | a|a d
040 ## - CATALOGING SOURCE
- Original cataloging agency: NALT
100 1# - HEADING--PERSONAL NAME
- Personal name: เมเยอร์, พอล เจ
